The Biggest Cities in Belgium - Statistics

General Stats
  • This quiz has been taken 17 times
  • The average score is 8 of 15
Answer Stats
Population City % Correct
198.314 Brussels
100%
120.283 Brugge
87%
272.657 Gent
87%
562.002 Antwerpen
73%
205.763 Charleroi
67%
197.323 Liege
67%
104.906 Leuven
60%
115.029 Namur
53%
97.120 Mons
40%
92.131 Aalst
33%
128.724 Anderlecht
33%
90.249 Hasselt
33%
89.987 Ixelles
13%
129.775 Schaerbeek
7%
98.713 Molenbeek
0%
No matching quizzes found
Score Distribution
Percent of People with Each Score
Percentile by Number Answered
Your Score History
You have not taken this quiz